[Event "Challenge"]
[Site "http://www.queenalice.com/game.php?id=1857298"]
[Date "2025.5.14"]
[Round "-"]
[White "Baptiste2003"]
[Black "poeleabois"]
[Result "0-1"]
[WhiteElo "1348"]
[BlackElo "1670"]

1. e4 e5 2. Nf3 d6 3. Bc4 h6 4. O-O Nf6 5. h3 Be7 6. Re1 O-O 7. Nc3 Nc6 8. Nd5
a6 9. d3 b5 10. Nxf6+ Bxf6 11. Bd5 Bb7 12. a3 Rb8 13. b4 a5 14. Bxc6 Bxc6 0-1

[Event "AUTO-INT-3889"]
[Site "http://www.queenalice.com/game.php?id=1857299"]
[Date "2025.5.15"]
[Round "3"]
[White "poeleabois"]
[Black "JoseMessias"]
[Result "0-1"]
[WhiteElo "1719"]
[BlackElo "1732"]

1. e4 e5 2. Nf3 d5 3. exd5 Qxd5 4. Nc3 Qe6 5. Be2 Bb4 6. a3 e4 7. Nd4 Qg6 8. Bg4
Bxg4 9. f3 exf3 10. gxf3 Bh3 11. Qe2+ Ne7 12. axb4 O-O 13. d3 Nbc6 14. Nxc6 Nxc6
15. b5 Nd4 16. Qf2 Rae8+ 17. Kd2 Rd8 18. Ne2 Rfe8 19. Nxd4 Qf6 20. c3 c5 21. Ne2
c4 22. Nd4 cxd3 23. Kxd3 Bf5+ 24. Kc4 Rc8+ 25. Kb3 a6 26. c4 axb5 27. Nxb5 Qe6
28. Qd4 Red8 29. Qe3 Qxc4+ 30. Ka3 Ra8+ 31. Na7 Rd3+ 32. b3 Qxb3# 0-1

[Event "AUTO-INT-3889"]
[Site "http://www.queenalice.com/game.php?id=1857300"]
[Date "2025.5.15"]
[Round "3"]
[White "JoseMessias"]
[Black "poeleabois"]
[Result "0-1"]
[WhiteElo "1748"]
[BlackElo "1708"]

1. g3 e5 2. Bg2 d6 3. d4 exd4 4. Qxd4 Nc6 5. Qe4+ Be7 6. Bg5 Ne5 7. f4 Ng4 8.
Qd4 Bxg5 9. h3 Bf6 10. Qe4+ Qe7 11. hxg4 Bxb2 12. Rxh7 Rxh7 13. Qxh7 Kf8 14. Nd2
Bxa1 15. Bd5 c6 16. Bf3 Bc3 17. e4 d5 18. Kd1 g6 19. exd5 cxd5 20. Ne2 Qf6 21.
g5 Qg7 22. Qh1 Be6 23. Bxd5 Bg4 24. Bxb7 Qd4 25. Qe1 Rd8 26. Kc1 Bxd2+ 27. Kb1
Bxe1 28. Nxd4 Rxd4 29. c3 Bf5+ 30. Kb2 Rd2+ 31. Kb3 Be6+ 32. c4 Rd4 33. Ba6 Bxg3
34. Kb4 Bxf4 35. Kc3 Rd6 36. a4 Rxa6 37. Kb4 Rb6+ 38. Kc3 Be5+ 39. Kd3 Bf5+ 40.
Ke3 Rb3+ 41. Kd2 Bf4+ 42. Ke2 Bg4+ 43. Kf1 Rb2 44. c5 Bg3 45. c6 Bh3+ 46. Kg1
Rb1# 0-1

[Event "Challenge"]
[Site "http://www.queenalice.com/game.php?id=1857488"]
[Date "2025.5.18"]
[Round "-"]
[White "Leanne"]
[Black "poeleabois"]
[Result "0-1"]
[WhiteElo "1314"]
[BlackElo "1706"]

1. d4 d5 2. c4 c5 3. cxd5 Qxd5 4. Nf3 Nc6 5. e3 e6 6. Be2 h6 7. Nc3 Qd8 8. O-O
Nf6 9. d5 exd5 10. Bb5 Bd7 11. Nxd5 a6 12. Nxf6+ Qxf6 13. Bc4 Rd8 14. Rb1 Bf5
0-1

[Event "Challenge"]
[Site "http://www.queenalice.com/game.php?id=1857489"]
[Date "2025.5.18"]
[Round "-"]
[White "poeleabois"]
[Black "Leanne"]
[Result "1-0"]
[WhiteElo "1704"]
[BlackElo "1316"]

1. e4 c5 2. d4 cxd4 3. Qxd4 Nc6 4. Qd1 e5 5. Nf3 Nf6 6. a3 Be7 7. Be2 Nxe4 8.
O-O O-O 9. Bd2 d5 10. Nc3 Nxc3 11. Bxc3 d4 12. Bd2 Qc7 13. Bd3 g6 14. Bh6 1-0

[Event "AUTO-OPEN-4598"]
[Site "http://www.queenalice.com/game.php?id=1858281"]
[Date "2025.6.3"]
[Round "1"]
[White "poeleabois"]
[Black "ThiagoBrumN"]
[Result "0-1"]
[WhiteElo "1682"]
[BlackElo "1789"]

1. e4 d5 2. exd5 c6 3. dxc6 Nxc6 4. Nf3 Bg4 5. Be2 Nf6 6. h3 Bf5 7. d3 e5 8. O-O
Bd6 9. Nc3 O-O 10. a3 Rc8 0-1

[Event "AUTO-OPEN-4598"]
[Site "http://www.queenalice.com/game.php?id=1858290"]
[Date "2025.6.3"]
[Round "1"]
[White "bmax"]
[Black "poeleabois"]
[Result "1-0"]
[WhiteElo "2244"]
[BlackElo "1641"]

1. d4 d5 2. Bf4 e6 3. Nf3 Nf6 4. e3 c5 5. c3 Nc6 6. Nbd2 a6 7. Bd3 c4 8. Bc2 h6
9. Ne5 Nxe5 10. Bxe5 Be7 11. O-O O-O 12. f4 Bd6 13. g4 Bxe5 14. dxe5 Nd7 15. g5
1-0

[Event "AUTO-OPEN-4598"]
[Site "http://www.queenalice.com/game.php?id=1858291"]
[Date "2025.6.3"]
[Round "1"]
[White "poeleabois"]
[Black "bmax"]
[Result "0-1"]
[WhiteElo "1639"]
[BlackElo "2245"]

1. e4 c6 2. c4 d5 3. exd5 cxd5 4. cxd5 Nf6 5. Bb5+ Nbd7 6. Nc3 a6 7. Qa4 g6 8.
Nf3 Bg7 9. O-O O-O 10. d4 Nb6 11. Qb4 axb5 12. Qxb5 Nbxd5 13. Nxd5 Nxd5 14. h3
Ra5 15. Qb3 Qb6 0-1